Collective security : (Record no. 60205)
[ view plain ]
| 000 -LEADER | |
|---|---|
| fixed length control field | 00808nam a2200241 a 4500 |
| 001 - CONTROL NUMBER | |
| control field | 60205 |
| 003 - CONTROL NUMBER IDENTIFIER | |
| rucl marc code | BD-RjUL |
| 005 - DATE AND TIME OF LATEST TRANSACTION | |
| control field | 20211209080820.0 |
| 008 - FIXED-LENGTH DATA ELEMENTS--GENERAL INFORMATION | |
| fixed length control field | 190307s1963 th a 000 0 eng d |
| 035 ## - SYSTEM CONTROL NUMBER | |
| System control number | (BD-RjUL)60329 |
| 040 ## - CATALOGING SOURCE | |
| Original cataloging agency | DLC |
| Transcribing agency | VYL |
| Modifying agency | OCL |
| -- | m.c |
| -- | BD-RjUL |
| Language of cataloging | eng |
| 041 ## - LANGUAGE CODE | |
| Language code of text/sound track or separate title | eng |
| 082 ## - DEWEY DECIMAL CLASSIFICATION NUMBER | |
| Edition number | 23 |
| Classification number | 341.72 |
| Author mark and year | SOC 1963 |
| 110 1# - MAIN ENTRY--CORPORATE NAME | |
| Corporate name or jurisdiction name as entry element | South-East Asia Treaty Organization |
| 9 (RLIN) | 229129 |
| 245 10 - TITLE STATEMENT | |
| Title | Collective security : |
| Remainder of title | shield of freedom / |
| Statement of responsibility, etc. | South-East Asia Treaty Organization , with a foreword by Pote Sarasin |
| 250 ## - EDITION STATEMENT | |
| Edition statement | 2nd ed. (rev.) |
| 260 ## - PUBLICATION, DISTRIBUTION, ETC. (IMPRINT) | |
| Place of publication, distribution, etc. | Thailand : |
| Name of publisher, distributor, etc. | SEATO, |
| Date of publication, distribution, etc. | 1963. |
| 300 ## - PHYSICAL DESCRIPTION | |
| Pagination | [4], 164 p. : |
| Illustrations | ill. ; |
| Size | 21 cm. |
| 650 #0 - SUBJECT ADDED ENTRY--TOPICAL TERM | |
| Topical term or geographic name as entry element | Security, International |
| 9 (RLIN) | 179240 |
| Topical term or geographic name as entry element | Regionalism (International organization) |
| 9 (RLIN) | 179241 |
| 700 ## - ADDED ENTRY--PERSONAL NAME | |
| Personal name | Sarasin, Pote, forworder |
| 942 ## - ADDED ENTRY ELEMENTS (KOHA) | |
| Source of classification or shelving scheme | Dewey Decimal Classification |
| Koha item type | Books |
| Lost status | Source of classification or shelving scheme | Damaged status | Not for loan | Collection code | Permanent Location | Current Location | Shelving location | Date acquired | Total Checkouts | Full call number | Date last seen | Copy number | Koha item type |
|---|---|---|---|---|---|---|---|---|---|---|---|---|---|
| Dewey Decimal Classification | Not For Loan | Rare Books | Central Library, University of Rajshahi | Central Library, University of Rajshahi | Rare Book Section | 02/09/1987 | RA 341.72 SOC 1963 | 29/12/2016 | C-1 | Rare Books | |||
| Dewey Decimal Classification | Non-fiction | Central Library, University of Rajshahi | Central Library, University of Rajshahi | 07/03/2019 | 341.72 SOC 1963 | 07/03/2019 | C-2 | Books |